[Event "AGAH"]
[Site "SchemingMind.com"]
[Date "2019.02.28"]
[Round "-"]
[White "grabapawn"]
[Black "JAHI"]
[Result "0-1"]
[WhiteCountry "USA"]
[BlackCountry "INT"]
[WhiteElo "1429"]
[WhiteRD "58"]
[BlackElo "2133"]
[BlackRD "80"]
[GameID "438861"]

1. a3 f6 2. d4 e6 3. Bf4 d6 4. e3 e5 5. Bg3 exd4 6. exd4 c6 7. c3 Qc7 8. Bd3 a6 9. Nd2 a5 10. Ngf3 Bg4
11. h3 Bxf3 12. gxf3 Na6 13. Qe2+ Kd8 14. O-O Qe7 15. Rfe1 Qxe2 16. Rxe2 Nc7 17. Nc4 d5 18. Nb6 Ra7 19. Rae1 Ne7 20. Bd6 Ng6
21. Bf5 Bxd6 22. Nc8 Nb5 23. Nxa7 Nxa7 24. b4 Nh4 25. Rb1 Nxf5 26. bxa5 Nb5 27. Rb3 Nfxd4 28. cxd4 Nxd4 29. Rxb7 Nxe2+ 30. Kg2 Bc7
31. a6 Kd7 32. a7 Ra8 33. a4 Kc8
0-1

[Event "AGAH"]
[Site "SchemingMind.com"]
[Date "2019.03.03"]
[Round "-"]
[White "capablanca"]
[Black "grabapawn"]
[Result "1-0"]
[WhiteCountry "GER"]
[BlackCountry "USA"]
[WhiteElo "1724"]
[WhiteRD "62"]
[BlackElo "1362"]
[BlackRD "59"]
[GameID "438986"]

1. a3 d6 2. Nf3 Nf6 3. d4 Nbd7 4. Nc3 e5 5. e4 Be7 6. Bb5 c6 7. Ba4 Nf8 8. dxe5 dxe5 9. Qxd8+ Bxd8 10. Nxe5 Bc7
11. Nd3 Ne6 12. O-O h5 13. h3 g5 14. Nd5 Nxd5 15. exd5 Nf4 16. Nxf4 gxf4 17. dxc6 b6 18. Re1+ Kf8 19. f3 Rg8 20. Kf2 a6
21. Re4 b5 22. Bb3 Bb6+ 23. Kf1 Bxh3 24. gxh3 Rg1+ 25. Ke2 Rg2+ 26. Kd3 Rd8+ 27. Kc3 Ba5+ 28. Rb4 Rg3 29. Bd5 Rxd5 30. Kb3 Rxf3+
31. Ka2 Bxb4 32. axb4 Rf1 33. c7 a5 34. c8=Q+ Kg7 35. b3 Rf2 36. Bb2+ f6 37. Rg1+ Kf7 38. Qg8+
1-0

[Event "AGAH"]
[Site "SchemingMind.com"]
[Date "2019.03.03"]
[Round "-"]
[White "JAHI"]
[Black "capablanca"]
[Result "1-0"]
[WhiteCountry "INT"]
[BlackCountry "GER"]
[WhiteElo "2112"]
[WhiteRD "80"]
[BlackElo "1662"]
[BlackRD "62"]
[GameID "438987"]

1. a3 d5 2. c3 e5 3. c4 Nf6 4. cxd5 Nxd5 5. Nc3 Nc6 6. Nxd5 Qxd5 7. f3 Bc5 8. e3 Be6 9. Bb5 O-O 10. Bxc6 Qxc6
11. Qc2 Qb6 12. Nh3 Be7 13. Nf2 Bb3 14. Qc3 Bf6 15. Ng4 Bd5 16. e4 Be6 17. Nxf6+ gxf6 18. f4 c6 19. fxe5 f5 20. exf5 Bxf5
21. Rf1 Bg6 22. b3 Rad8 23. Qb4 Qxb4 24. axb4 a6 25. Bb2 Rd3 26. Bc3 Re8= 27. Rf4 h5 28. Kf2 Kf8= 29. Re1 Re6 30. Rf1 Kg7
31. Kg1 Kg8 32. g3 Kg7 33. Rh4 Kg8 34. Kg2 Kg7 35. Rff4 Kf8 36. g4 hxg4 37. Rh8+ Kg7 38. Rb8 Rd7 39. Rxg4
1-0

[Event "AGAH"]
[Site "SchemingMind.com"]
[Date "2019.03.14"]
[Round "-"]
[White "grabapawn"]
[Black "bishun"]
[Result "0-1"]
[WhiteCountry "USA"]
[BlackCountry "USA"]
[WhiteElo "1473"]
[WhiteRD "54"]
[BlackElo "1988"]
[BlackRD "138"]
[GameID "439352"]

1. a3 d5 2. d4 b6 3. Bf4 Nc6 4. e3 e6 5. Bd3 Nf6 6. Nd2 Bd6 7. Bg3 O-O 8. Ngf3 h6 9. Ne5 Ne7 10. Ndf3 c5
11. c3 Bb7 12. Nh4 a5 13. h3 Ba6 14. Qc2 Bxd3 15. Qxd3 c4 16. Qc2 b5 17. f3 g5 18. O-O-O b4 19. Nhg6 fxg6 20. Nxg6 Bxg3
21. h4 b3 22. Qb1 Bf2 23. hxg5 Bxe3+ 24. Rd2 Bxd2+ 25. Kxd2 Ne4+ 26. Ke2 Nxg6 27. Rxh6 Nf4+ 28. Kd1 Qxg5 29. Rh2 Nd3 30. g4 Rxf3
0-1

[Event "AGAH"]
[Site "SchemingMind.com"]
[Date "2019.03.15"]
[Round "-"]
[White "bishun"]
[Black "JAHI"]
[Result "1-0"]
[WhiteCountry "USA"]
[BlackCountry "INT"]
[WhiteElo "2023"]
[WhiteRD "113"]
[BlackElo "2120"]
[BlackRD "83"]
[GameID "439353"]

1. a3 f6 2. e3 f5 3. d4 Nf6 4. Nc3 e6 5. Bd3 c6 6. e4 d6 7. Nf3 c5 8. exf5 exf5 9. dxc5 dxc5 10. O-O a6
11. Qe2+ Be7 12. Bc4 Qc7 13. Re1 Nc6 14. Bg5 f4 15. Nd5 Nxd5 16. Bxd5 Ra7 17. Rad1 Bg4 18. Qe4 Bxf3 19. gxf3 Ne5 20. Bxe7 c4
21. Qf5 g6 22. Qf6 Qc8 23. Bf7+ Nxf7 24. Bb4+ Qe6 25. Rxe6#
1-0

[Event "AGAH"]
[Site "SchemingMind.com"]
[Date "2019.03.14"]
[Round "-"]
[White "capablanca"]
[Black "bishun"]
[Result "0-1"]
[WhiteCountry "GER"]
[BlackCountry "USA"]
[WhiteElo "1685"]
[WhiteRD "60"]
[BlackElo "1826"]
[BlackRD "222"]
[GameID "439354"]

1. a3 e5 2. e4 Nf6 3. Nc3 Bc5 4. Bc4 d5 5. exd5 c6 6. d3 cxd5 7. Bb5+ Nc6 8. Nf3 O-O 9. h3 d4 10. Ne4 Nxe4
11. dxe4 Qa5+ 12. b4 Bxb4+ 13. axb4 Qxa1
0-1

[Event "AGAH"]
[Site "SchemingMind.com"]
[Date "2019.03.17"]
[Round "-"]
[White "capablanca"]
[Black "Goz"]
[Result "1-0"]
[WhiteCountry "GER"]
[BlackCountry "ENG"]
[WhiteElo "1662"]
[WhiteRD "62"]
[BlackElo "1519"]
[BlackRD "78"]
[GameID "439437"]

1. a3 d5 2. d4 e6 3. Nf3 h6 4. Bf4 Bd6 5. Bxd6 Qxd6 6. e3 c6 7. Bd3 Ne7 8. Nbd2 O-O 9. Nb3 b6 10. c4 dxc4
11. Bxc4 Nd7 12. O-O Ng6 13. Nbd2 b5 14. Be2 a5 15. Rc1 Bb7 16. Ne4 Qc7 17. Bxb5 Rfc8 18. Be2 Qd8 19. Nd6 Rc7 20. Nxb7 Rxb7
21. b3 Rab8 22. Nd2 Nf6 23. Rxc6 Ne7 24. Rc2 Ned5 25. Bf3 Rb5 26. Qa1 Nh7 27. Rfc1 Ng5 28. Be2 R5b7 29. Rc5 f5 30. R1c4 Nb6
31. Rc2 a4 32. b4 Nd7 33. R5c3 Nf6 34. Qc1 Kh7 35. Rc8 Rxc8 36. Rxc8 Qd7 37. Ra8 Nd5 38. Qc8 Rc7 39. Qg8+ Kg6 40. Nc4 Nf7
41. Rf8 Nf6 42. Qxf7+ Qxf7 43. Ne5+ Kh7 44. Rxf7 Rxf7 45. Nxf7 Kg8 46. Ne5 Ne4 47. Bc4 Nd2 48. Bxe6+ Kh7 49. Bxf5+ Kg8 50. b5
1-0

[Event "AGAH"]
[Site "SchemingMind.com"]
[Date "2019.03.17"]
[Round "-"]
[White "Goz"]
[Black "grabapawn"]
[Result "0-1"]
[WhiteCountry "ENG"]
[BlackCountry "USA"]
[WhiteElo "1534"]
[WhiteRD "77"]
[BlackElo "1429"]
[BlackRD "58"]
[GameID "439438"]

1. a3 d6 2. d4 Nf6 3. h3 Nbd7 4. Nc3 e5 5. dxe5 dxe5 6. e4 Be7 7. Bd3 Nf8 8. Be3 Ng6 9. g3 c6 10. Qd2 h6
11. O-O-O Be6 12. Kb1 b5 13. Na2 a5 14. c3 O-O 15. Qc2 Qc7 16. h4 b4 17. cxb4 axb4 18. Bc4 bxa3 19. Bxe6 fxe6 20. Ka1 Nxe4
21. Qxe4 axb2+ 22. Kxb2 Rfb8+ 23. Ka1 Rxa2+ 24. Kxa2 Qa5+
0-1

[Event "AGAH"]
[Site "SchemingMind.com"]
[Date "2019.03.18"]
[Round "-"]
[White "JAHI"]
[Black "Goz"]
[Result "1-0"]
[WhiteCountry "INT"]
[BlackCountry "ENG"]
[WhiteElo "2120"]
[WhiteRD "83"]
[BlackElo "1506"]
[BlackRD "82"]
[GameID "439439"]

1. a3 d5 2. c3 b5 3. a4 c6 4. axb5 cxb5 5. g3 Bb7 6. Bg2 e6 7. d3 h6 8. c4 Bc6 9. cxd5 exd5 10. Bf4 Nd7
11. Nc3 Ngf6 12. h3 Bb4 13. Kf1 O-O 14. h4 Nc5 15. Be5 Ng4 16. Bd4 Nb3 17. Qxb3 a5 18. Nxd5 Bxd5 19. Qxd5 Qxd5 20. Bxd5 Kh7
21. Bxa8 Rxa8 22. Kg2 a4 23. Nf3 f6 24. Rhc1 Bf8 25. Bc5 Bxc5 26. Rxc5 b4 27. Rc4 a3 28. Rxg4 axb2 29. Rb1
1-0

[Event "AGAH"]
[Site "SchemingMind.com"]
[Date "2019.03.17"]
[Round "-"]
[White "Goz"]
[Black "bishun"]
[Result "0-1"]
[WhiteCountry "ENG"]
[BlackCountry "USA"]
[WhiteElo "1519"]
[WhiteRD "78"]
[BlackElo "1988"]
[BlackRD "138"]
[GameID "439440"]

1. a3 e5 2. b4 d5 3. h3 a5 4. bxa5 Nf6 5. e3 Bd6 6. Nf3 c5 7. Bb5+ Nbd7 8. c4 e4 9. Ng1 O-O 10. Ne2 Ne5
11. cxd5 Bd7 12. Bxd7 Nd3+ 13. Kf1 Qxd7 14. a4 Qf5 15. Nf4 Bxf4 16. exf4 Qxf4 17. f3 exf3 18. gxf3 Qg3 19. Qe2 Rae8
0-1

[Event "AGAH"]
[Site "SchemingMind.com"]
[Date "2019.03.17"]
[Round "-"]
[White "grabapawn"]
[Black "splinter"]
[Result "0-1"]
[WhiteCountry "USA"]
[BlackCountry "CAN"]
[WhiteElo "1362"]
[WhiteRD "59"]
[BlackElo "1774"]
[BlackRD "75"]
[GameID "439461"]

1. a3 Nf6 2. d4 b6 3. Bf4 Bb7 4. e3 g6 5. Nf3 Bg7 6. Nbd2 O-O 7. Bd3 d6 8. h4 Nbd7 9. Ng5 Bxg2 10. Rh2 Bb7
11. h5 Re8 12. hxg6 hxg6 13. Ndf3 e5 14. Nxf7 Kxf7 15. Bxg6+ Kxg6 16. Nh4+ Kf7 17. Qd3 Be4 18. Qc4+ d5 19. Qe2 exf4 20. f3 Bd3
21. Qg2 Rxe3+ 22. Kd1 Bh7 23. Kd2 Qe7 24. Rd1 Re8 25. Rg1 Rg8 26. Ng6 Bxg6 27. Qxg6+ Kf8 28. Qf5 Qf7 29. Qxf4 Ne4+
0-1

[Event "AGAH"]
[Site "SchemingMind.com"]
[Date "2019.03.17"]
[Round "-"]
[White "Goz"]
[Black "splinter"]
[Result "0-1"]
[WhiteCountry "ENG"]
[BlackCountry "CAN"]
[WhiteElo "1506"]
[WhiteRD "82"]
[BlackElo "1786"]
[BlackRD "75"]
[GameID "439462"]

1. a3 Nf6 2. d3 g6 3. h3 Bg7 4. Nf3 b6 5. e4 d6 6. Be2 Bb7 7. O-O O-O 8. Be3 Nbd7 9. Nbd2 Nc5 10. Bxc5 dxc5
11. Rb1 Nh5 12. Nh4 Nf6 13. Ndf3 e6 14. Nh2 Qe7 15. c3 Rfd8 16. Qc2 Rd7 17. Ng4 Nxg4 18. Bxg4 Qxh4 19. Rbe1 Rad8 20. Re3 f5
21. Be2 Bh6 22. Rf3 fxe4 23. dxe4 Rd2 24. Qb3 Rxe2 25. Qxe6+ Kh8 26. Qg4 Qxg4 27. hxg4 Bxe4 28. Rf7 Rxb2 29. Rxc7 a5 30. Re7 Bd3
31. Rfe1 Bd2 32. R1e6 Bxc3 33. f3 Bd4+ 34. Kh2 Bf1 35. Kg3 Rxg2+ 36. Kf4 Rf8+ 37. Ke4 Re2+ 38. Kd5 Rxe6 39. Rxe6 b5 40. Kd6 Rxf3
41. Re8+ Kg7 42. Kc6 Rf6+ 43. Kd7 Bh3 44. Re7+ Rf7 45. Rxf7+ Kxf7 46. Kc6 b4
0-1

[Event "AGAH"]
[Site "SchemingMind.com"]
[Date "2019.03.17"]
[Round "-"]
[White "splinter"]
[Black "JAHI"]
[Result "1/2-1/2"]
[WhiteCountry "CAN"]
[BlackCountry "INT"]
[WhiteElo "1812"]
[WhiteRD "76"]
[BlackElo "1897"]
[BlackRD "69"]
[GameID "439463"]

1. a3 f6 2. Nf3 f5 3. Nc3 Nf6 4. g3 b6 5. Bg2 Bb7 6. O-O Bxf3 7. Bxf3 c6 8. b3 Na6 9. d3 Nc7 10. Bb2 e6
11. e4 fxe4 12. Nxe4 Nxe4 13. Bxe4 Qe7 14. Qh5+ Qf7 15. Qxf7+ Kxf7 16. f4 Be7 17. Rae1 Bf6 18. d4 Rae8 19. Kg2 h6 20. h4 h5
21. c3 g6 22. Re2 Nd5 23. c4 Ne7 24. Rd1 Nf5 25. Bf3 Rhf8 26. Ba1 Re7 27. Kf2 c5 28. dxc5 bxc5 29. Bxf6 Kxf6 30. b4 Rc8
31. Red2 cxb4 32. axb4 Rxc4 33. Rxd7 Rxb4 34. Rxe7 Kxe7 35. Rd2 a6 36. Be2 a5 37. Ra2 Nd4 38. Rxa5 Rb2 39. Re5 Kf6 40. Re4 Nxe2=
1/2-1/2

[Event "AGAH"]
[Site "SchemingMind.com"]
[Date "2019.03.17"]
[Round "-"]
[White "capablanca"]
[Black "splinter"]
[Result "0-1"]
[WhiteCountry "GER"]
[BlackCountry "CAN"]
[WhiteElo "1685"]
[WhiteRD "60"]
[BlackElo "1797"]
[BlackRD "74"]
[GameID "439464"]

1. a3 Nf6 2. d4 b6 3. Nf3 Bb7 4. Nbd2 g6 5. e3 Bg7 6. Bc4 O-O 7. O-O d5 8. Be2 Nbd7 9. b3 c5 10. Bb2 cxd4
11. Nxd4 Rc8 12. c4 dxc4 13. Nxc4 Nc5 14. Bf3 Bxf3 15. Qxf3 Qd5 16. Qxd5 Nxd5 17. Rfd1 Rfd8 18. Kf1 e6 19. b4= Na4 20. Rac1 b5
21. Na5 Nxb2
0-1

[Event "AGAH"]
[Site "SchemingMind.com"]
[Date "2019.03.18"]
[Round "-"]
[White "bishun"]
[Black "splinter"]
[Result "1-0"]
[WhiteCountry "USA"]
[BlackCountry "CAN"]
[WhiteElo "1988"]
[WhiteRD "138"]
[BlackElo "1791"]
[BlackRD "79"]
[GameID "439465"]

1. a3 Nf6 2. e3 g6 3. d4 Bg7 4. Nc3 b6 5. Nf3 Bb7 6. Bc4 O-O 7. e4 Nxe4 8. Nxe4 Bxe4 9. O-O Bb7 10. Bg5 d5
11. Bb3 h6 12. Bh4 g5 13. Bxg5 hxg5 14. Nxg5 Qd6 15. Qg4 Qg6 16. c3 Bc8 17. Qh4 Bf6 18. f4 Bxg5 19. fxg5 Be6 20. Rae1 c6
21. Re2 Qh7 22. Qxh7+ Kxh7 23. Rxe6 fxe6 24. Rxf8 c5 25. h4 Kg7 26. Rc8 a5 27. h5 c4 28. h6+ Kg6 29. Bc2+ Kf7 30. h7 e5
31. h8=Q e4 32. Qg8#
1-0

[Event "AGAH"]
[Site "SchemingMind.com"]
[Date "2019.03.25"]
[Round "-"]
[White "CoachBen"]
[Black "capablanca"]
[Result "1-0"]
[WhiteCountry "MEX"]
[BlackCountry "GER"]
[WhiteElo "2024"]
[WhiteRD "102"]
[BlackElo "1685"]
[BlackRD "60"]
[GameID "439664"]

1. a3 e5 2. e3 d5 3. d4 Bd6 4. Nc3 Nf6 5. Nb5 a6 6. Nxd6+ Qxd6 7. dxe5 Qxe5 8. Nf3 Qe7 9. c4 Bg4 10. cxd5 O-O
11. d6 cxd6 12. Be2 Nc6 13. O-O Ne4 14. h3 Be6 15. Nd4 Bd7 16. Bf3 Qe5 17. Qc2 Ng5 18. Bxc6 bxc6 19. f4 Nxh3+ 20. gxh3 Qd5
21. Qg2 Qc5 22. Bd2 d5 23. Bc3 Rfe8 24. Rae1 Re4 25. Ne6
1-0

[Event "AGAH"]
[Site "SchemingMind.com"]
[Date "2019.03.25"]
[Round "-"]
[White "grabapawn"]
[Black "CoachBen"]
[Result "0-1"]
[WhiteCountry "USA"]
[BlackCountry "MEX"]
[WhiteElo "1429"]
[WhiteRD "58"]
[BlackElo "2024"]
[BlackRD "102"]
[GameID "439665"]

1. a3 g6 2. Nc3 Bg7 3. e3 c5 4. d4 cxd4 5. exd4 d5 6. Bd3 Nc6 7. Be3 Nf6 8. h3 O-O 9. Nf3 Bf5 10. Bxf5 gxf5
11. h4 Ne4 12. Ng5 Nxc3 13. bxc3 h6 14. Qh5 Qd6 15. g3 hxg5 16. hxg5 Qg6 17. Qh2 e5 18. O-O-O exd4 19. cxd4 Rac8 20. Qg2 f4
21. gxf4 Nxd4 22. Bxd4 Qxc2#
0-1

[Event "AGAH"]
[Site "SchemingMind.com"]
[Date "2019.03.26"]
[Round "-"]
[White "Goz"]
[Black "CoachBen"]
[Result "0-1"]
[WhiteCountry "ENG"]
[BlackCountry "MEX"]
[WhiteElo "1519"]
[WhiteRD "78"]
[BlackElo "2041"]
[BlackRD "103"]
[GameID "439666"]

1. a3 g6 2. d4 Bg7 3. c3 Nf6 4. e3 b6 5. Bd3 Bb7 6. Nd2 Bxg2 7. Nh3 Bxh1 8. f3 d6 9. Qe2 e5 10. Qf1 Qd7
11. Nf2 Bxf3 12. Nxf3 exd4 13. exd4 O-O 14. Bc4 Re8+ 15. Be2 Qf5 16. Nd3 Qxd3 17. h3 Nh5 18. Kf2 Qc2 19. Nd2 Qf5+ 20. Bf3 Nd7
21. Kg1 Rad8 22. Bg4 Qxf1+ 23. Kxf1 Ndf6 24. Bd1 Nf4 25. h4 Nd3 26. Be2 Nxc1 27. Rxc1 Bh6 28. Rd1 Bxd2 29. Rxd2 Re3 30. Rd3 Rde8
31. Rxe3 Rxe3 32. Bd1 Ne4 33. h5 Kg7 34. hxg6 fxg6 35. Ba4 Kf6 36. Bc6 Kf5 37. Bd7+ Kf4 38. a4 Kg3
0-1

[Event "AGAH"]
[Site "SchemingMind.com"]
[Date "2019.03.26"]
[Round "-"]
[White "CoachBen"]
[Black "JAHI"]
[Result "1/2-1/2"]
[WhiteCountry "MEX"]
[BlackCountry "INT"]
[WhiteElo "1967"]
[WhiteRD "106"]
[BlackElo "1904"]
[BlackRD "69"]
[GameID "439667"]

1. a3 f6 2. e4 d6 3. Bc4 e6 4. Nc3 c6 5. d4 d5 6. Bd3 dxe4 7. Bxe4 f5 8. Bd3 Qxd4 9. Nf3 Qd6 10. Qe2 Be7
11. Ne5 Nf6 12. Bf4 Qd4 13. Bg5 Nbd7 14. Nxd7 Bxd7 15. O-O-O Bxa3 16. Kb1 Nd5 17. Bc1 Nxc3+ 18. bxc3 Qb6+ 19. Ka2 Bxc1 20. Rxc1 Qa5+
21. Kb2 Rd8 22. Ra1 Qb6+ 23. Kc1 Qc5 24. Bc4 a6 25. Bxe6 Qe7 26. Bxd7+ Rxd7 27. Qc4 Rd5 28. Rd1 Rxd1+ 29. Kxd1 Kd7 30. Ra5 Re8
31. Kc1 Kc8 32. Kb2 g6 33. Ra1 Qc7 34. Rd1 Qb6+ 35. Kc1 Qxf2 36. Qf7 Qe3+ 37. Kb2 Qe7 38. Qc4 g5 39. Qd3 Rf8 40. Qg3 h6
41. Rd6 Rf6 42. Rd4 c5 43. Rd5 f4 44. Qf2 b6 45. Qf1 b5 46. Qf2 Rc6 47. g3 fxg3 48. hxg3 b4 49. Rf5 Rc7 50. Rf8+ Kb7
51. Qf3+ Kb6 52. Rf6+ Ka7 53. Rxh6 bxc3+ 54. Qxc3 Rb7+ 55. Kc1 Rc7 56. Qa5 Qe3+ 57. Kb2 Qd4+ 58. Ka2 Qc4+ 59. Ka3 Qb4+ 60. Qxb4 cxb4+
61. Kxb4 Rxc2 62. Rg6 Rb2+ 63. Ka4 Ra2+ 64. Kb4 a5+ 65. Kb3 Rf2 66. Rxg5 Kb6 67. Rg8 Kb5 68. Rb8+ Ka6 69. g4 Rf3+ 70. Kb2 Rf2+
71. Kb3 Rg2 72. Rg8 Kb5 73. Rg5+ Kb6 74. Rg6+ Kb5 75. Rg5+ Ka6 76. Rg8 Kb6 77. Rb8+ Kc6 78. Rg8 Kc5 79. Ka4 Ra2+ 80. Kb3 Rg2
81. g5 Kb5 82. g6 Rg3+ 83. Kb2 Kb6 84. g7 Kb7 85. Ka2 Ka7 86. Kb2 Kb7 87. Ka2 Ka7 88. Kb2 Kb7 89. Ka2=
1/2-1/2

[Event "AGAH"]
[Site "SchemingMind.com"]
[Date "2019.03.25"]
[Round "-"]
[White "splinter"]
[Black "CoachBen"]
[Result "0-1"]
[WhiteCountry "CAN"]
[BlackCountry "MEX"]
[WhiteElo "1797"]
[WhiteRD "74"]
[BlackElo "2024"]
[BlackRD "102"]
[GameID "439668"]

1. a3 e5 2. g3 h5 3. Bg2 h4 4. d3 Nc6 5. Bxc6 dxc6 6. Nf3 hxg3 7. fxg3 Bc5 8. b4 Bb6 9. Qd2 Nh6 10. Qg5 Qxg5
11. Bxg5 Ng4 12. e4 f6 13. Bc1 Be6 14. c4 Nf2 15. c5 Nxh1 16. cxb6 cxb6 17. Be3 O-O-O 18. Ke2 Bg4 19. Bg1 Bxf3+ 20. Kxf3 Rxd3+
21. Kg2 Rd1 22. Kxh1 Rhd8 23. Kg2 R8d3 24. Ra2 Rxb1 25. Bf2 g5 26. Kh3 Kd7 27. Kg4 Ke6 28. h4 gxh4 29. gxh4 Rbb3 30. Ra1 Rxa3
31. Rh1 Rf3 32. Be1 Rf4+ 33. Kh5 Rd3 34. Kg6 Rg4+ 35. Kh5 Rg7 36. Kh6 Rdd7 37. Kh5 Rd8 38. Kh6 Kf7 39. Rg1 Rh8#
0-1

[Event "AGAH"]
[Site "SchemingMind.com"]
[Date "2019.03.25"]
[Round "-"]
[White "bishun"]
[Black "CoachBen"]
[Result "1/2-1/2"]
[WhiteCountry "USA"]
[BlackCountry "MEX"]
[WhiteElo "2023"]
[WhiteRD "113"]
[BlackElo "2037"]
[BlackRD "104"]
[GameID "439669"]

1. a3 d5 2. d4 Bf5 3. c4 e6 4. Nf3 c6 5. Nc3 Nf6 6. Ne5 Nbd7 7. Bf4 Be7 8. e3 O-O 9. Bd3 Bxd3 10. Qxd3 Nh5
11. Bg3 Nxg3 12. hxg3 h6 13. Nxd7 Qxd7 14. g4 Rad8 15. cxd5 exd5 16. Qf5 Rfe8 17. Qxd7 Rxd7 18. Rd1 Bf6 19. Rd3 Kf8 20. Ke2 Ke7
21. b4 Kd6 22. Na4 Rde7 23. Kf3 Ra8 24. Rc1 Rc7 25. Rb3 b5 26. Nc5 a5 27. a4 bxa4 28. Nxa4 Rb8 29. Nc5 Rxb4 30. Rxb4 axb4
31. Ra1 Bd8 32. Ke2 Re7 33. Ra6 f6 34. Kd2 Rf7 35. Kc2 Bc7 36. Nb7+ Kd7 37. Nc5+ Kd6 38. Nb7+ Kd7 39. Nc5+ Kd6 40. Nb7+ Kd7
41. Nc5+
1/2-1/2

[Event "AGAH"]
[Site "SchemingMind.com"]
[Date "2019.03.28"]
[Round "-"]
[White "capablanca"]
[Black "echecs"]
[Result "1/2-1/2"]
[WhiteCountry "GER"]
[BlackCountry "ENG"]
[WhiteElo "1685"]
[WhiteRD "60"]
[BlackElo "1841"]
[BlackRD "62"]
[GameID "439697"]

1. a3 e5 2. e4 Nf6 3. Nc3 Nc6 4. Nf3 Bc5 5. Bc4 O-O 6. d3 Be7 7. O-O d6 8. h3 a6 9. Nd5 Nxd5 10. Bxd5 Bd7
11. Be3 Qc8 12. c3 Bf6 13. d4 Ne7 14. Bb3 Ng6 15. Qd2 exd4 16. Nxd4 Nh4 17. f4 Nxg2 18. Qxg2 Bxh3 19. Qg3 Bxf1 20. Rxf1 g6
21. f5 Be5 22. Qg2 Kh8 23. fxg6 fxg6 24. Ne6 Rf6 25. Rxf6 Bxf6 26. Qh3 c5 27. Bd5 Rb8 28. Bf4 Qd7 29. Qh6 b5 30. Nxc5 Qg4+
31. Kf1 Bg7 32. Qh2 Qd1+ 33. Kg2 Qe2+ 34. Kh3 Qf1+ 35. Kg3 Rb6 36. Ne6 Be5 37. Bxe5+ dxe5 38. Qh6 Qe1+ 39. Kf3=
1/2-1/2

[Event "AGAH"]
[Site "SchemingMind.com"]
[Date "2019.03.27"]
[Round "-"]
[White "echecs"]
[Black "grabapawn"]
[Result "1-0"]
[WhiteCountry "ENG"]
[BlackCountry "USA"]
[WhiteElo "1841"]
[WhiteRD "62"]
[BlackElo "1429"]
[BlackRD "58"]
[GameID "439698"]

1. a3 d6 2. b4 Nf6 3. Bb2 Nbd7 4. e3 e5 5. c4 Be7 6. Nc3 Nf8 7. Nce2 Ng6 8. Ng3 c6 9. Bd3 Nh4 10. Bf1 Qc7
11. Nf3 Nxf3+ 12. gxf3 Bd7 13. Qc2 h5 14. Bg2 Qc8 15. d4 h4 16. Ne2 g5 17. dxe5 dxe5 18. Bxe5 Rh6 19. Rd1 Be6 20. Nd4 Bd7
21. Qd3 a5 22. b5 c5 23. Nb3 h3 24. Bf1 b6 25. Nd2 g4 26. fxg4 Nxg4 27. Bf4 Nxf2 28. Kxf2 Bh4+ 29. Ke2 Bg4+ 30. Nf3 Rg6
31. Qe4+ Kf8 32. Bd6+ Kg8 33. Rd5 Qe8 34. Re5 Bxf3+ 35. Qxf3 Qd7 36. Qxa8+ Kg7 37. Qf8+ Kh7 38. Rh5+ Rh6 39. Rxh6#
1-0

[Event "AGAH"]
[Site "SchemingMind.com"]
[Date "2019.03.27"]
[Round "-"]
[White "echecs"]
[Black "Goz"]
[Result "1-0"]
[WhiteCountry "ENG"]
[BlackCountry "ENG"]
[WhiteElo "1785"]
[WhiteRD "61"]
[BlackElo "1506"]
[BlackRD "82"]
[GameID "439699"]

1. a3 e5 2. e4 Bc5 3. Nf3 d6 4. d3 h6 5. Be2 Nf6 6. O-O Bg4 7. b4 Bb6 8. a4 a5 9. b5 O-O 10. Nbd2 c5
11. Nc4 Bc7 12. Be3 b6 13. h3 Bh5 14. Nh2 Nbd7 15. Bxh5 Nxh5 16. Qxh5 Nf6 17. Qh4 Kh7 18. Ng4 Nxg4 19. Qxg4 g6 20. f4 h5
21. Qg3 f6 22. Qf3 Qe7 23. f5 Qg7 24. c3 Rh8 25. d4 Kg8 26. dxc5 dxc5 27. fxg6 Qxg6 28. Qxf6 Qxf6 29. Rxf6 Kg7 30. Raf1 Rhf8
31. Bh6+ Kh7 32. Bxf8 Rd8 33. Rf7+ Kg8 34. Rg7+ Kh8 35. Rxc7 Rd3 36. Bg7+ Kh7 37. Bxe5+ Kg6 38. Rg7+
1-0

[Event "AGAH"]
[Site "SchemingMind.com"]
[Date "2019.03.28"]
[Round "-"]
[White "JAHI"]
[Black "echecs"]
[Result "0-1"]
[WhiteCountry "INT"]
[BlackCountry "ENG"]
[WhiteElo "1975"]
[WhiteRD "72"]
[BlackElo "1797"]
[BlackRD "72"]
[GameID "439700"]

1. a3 e5 2. d3 d5 3. d4 e4 4. f3 f5 5. fxe4 Qh4+ 6. g3 Qxe4 7. Nf3 Nf6 8. Bg5 Be7 9. Bxf6 Bxf6 10. Nbd2 Qe3
11. c3 O-O 12. Bg2 Nc6 13. Nf1 Qe6 14. Qd3 Na5 15. Kf2 Nc4 16. b3 Nd6 17. Re1 c6 18. Kg1 Ne4 19. e3 Bd7 20. N3d2 Bg5
21. Nxe4 fxe4 22. Qe2 Qh6 23. h3 Rf7 24. h4 Be7 25. Bh3 Bxh3 26. Rxh3 Raf8 27. Rh2 Rf3 28. Rg2 Qd6 29. c4 dxc4 30. bxc4 Qxa3
31. c5 Qb3 32. Nd2 Qb4 33. Rb1 Qc3 34. Nxf3 exf3 35. Qa2+ Kh8 36. Qd2 Qa3 37. Rf2 b6 38. cxb6 axb6 39. Rxb6 Qd6 40. Rf1 Qxg3+
0-1

[Event "AGAH"]
[Site "SchemingMind.com"]
[Date "2019.03.27"]
[Round "-"]
[White "echecs"]
[Black "splinter"]
[Result "0-1"]
[WhiteCountry "ENG"]
[BlackCountry "CAN"]
[WhiteElo "1792"]
[WhiteRD "66"]
[BlackElo "1802"]
[BlackRD "80"]
[GameID "439701"]

1. a3 Nf6 2. b4 g6 3. Bb2 Bg7 4. e3 O-O 5. Nc3 b6 6. Nce2 Bb7 7. Ng3 d6 8. Nf3 Nbd7 9. c4 c5 10. Be2 Qc7
11. b5 a6 12. a4 axb5 13. axb5 Rxa1 14. Qxa1 Ra8 15. Qc1 e6 16. O-O e5 17. d4 exd4 18. exd4 cxd4 19. Bxd4 Rc8 20. Qg5 Re8
21. Rc1 Ne4 22. Nxe4 Bxe4 23. Bxg7 Kxg7 24. Qd2 Nc5 25. Ng5 Bb7 26. Bf3 Bxf3 27. Nxf3 f6 28. Qd5 Nb3 29. Rc3 Na5 30. g3 Qc5
31. Qd3 Nb7 32. Nd2 Qe5 33. Ra3 Nc5 34. Qf3 Qe1+ 35. Nf1 Ne4 36. Ra7+ Kg8 37. Kg2 Nxf2 38. Qxf6 Qe4+ 39. Kxf2 Rf8 40. Qxf8+ Kxf8
41. Ne3 g5 42. h3 h5 43. Ra6 g4 44. hxg4 hxg4 45. Ke2 Qf3+ 46. Kd3 Qxg3 47. Rxb6 Ke8 48. Rc6 Kd7 49. Kd4 Qe5+ 50. Kd3 g3
51. Kd2 Qg5 52. Kd3 g2 53. Nxg2 Qxg2 54. Kc3 Qg3+ 55. Kb4 Qe1+ 56. Ka4 Qc3 57. Ra6 Qxc4+ 58. Ka5 Qc5 59. Ka4 Kc7 60. Rc6+ Qxc6
61. bxc6 Kxc6 62. Kb4 Kd5 63. Kc3 Ke4 64. Kd2 Kd4 65. Ke2 Kc3 66. Kd1 d5 67. Kc1 d4 68. Kd1 Kd3 69. Kc1 Ke2
0-1

[Event "AGAH"]
[Site "SchemingMind.com"]
[Date "2019.03.28"]
[Round "-"]
[White "CoachBen"]
[Black "echecs"]
[Result "1-0"]
[WhiteCountry "MEX"]
[BlackCountry "ENG"]
[WhiteElo "2024"]
[WhiteRD "102"]
[BlackElo "1841"]
[BlackRD "62"]
[GameID "439702"]

1. a3 e5 2. e3 d5 3. d4 Nd7 4. dxe5 Nxe5 5. Nd2 Nf6 6. Ngf3 Bd6 7. c4 O-O 8. Nxe5 Bxe5 9. Nf3 Bg4 10. Be2 Bxf3
11. gxf3 dxc4 12. Qxd8 Rfxd8 13. f4 Bd6 14. Bxc4 Ne4 15. Ke2 a6 16. Bd5 Nc5 17. b4 Be7 18. Bc4 Na4 19. Bd2 Bf6 20. Rac1 c6
21. Rc2 b5 22. Bb3 Nb6 23. Rxc6 Nd5 24. Rhc1 Re8 25. Bxd5 Rad8 26. Bb3 Bb2 27. R1c2
1-0

[Event "AGAH"]
[Site "SchemingMind.com"]
[Date "2019.03.27"]
[Round "-"]
[White "echecs"]
[Black "bishun"]
[Result "0-1"]
[WhiteCountry "ENG"]
[BlackCountry "USA"]
[WhiteElo "1785"]
[WhiteRD "61"]
[BlackElo "2023"]
[BlackRD "113"]
[GameID "439703"]

1. a3 d5 2. b4 e5 3. Bb2 Bd6 4. e3 Nf6 5. Nc3 c6 6. Nce2 Qe7 7. Ng3 h5 8. h3 h4 9. N3e2 Nbd7 10. Nf3 Nb6
11. Nc1 d4 12. Be2 dxe3 13. dxe3 Bf5 14. O-O e4 15. Nd4 Bxh3 16. gxh3 Qe5 17. f4 exf3 18. Nxf3 Qg3+ 19. Kh1 Qxh3+ 20. Kg1 Qg3+
21. Kh1 Ng4 22. Qe1 Qh3+ 23. Kg1 Bh2+ 24. Kh1 Bf4+ 25. Kg1 Bxe3+ 26. Rf2 Qg3+ 27. Kf1 Bxf2 28. Qd2 Qh3#
0-1